000 00442nam a2200181Ia 4500
005 20251020182553.0
008 200515s9999 xx 000 0 und d
082 _aR/65.0234/C36
100 _aCEBALLOS SIERRA, Javier
245 0 _aManual para QuickBasic 4.5 : Guía del Programador
260 _aMadrid
260 _c1989
300 _a468
650 _aLIB
650 _aQUICKBASIC
650 _aSOFTWARE DE APLICACION
942 _cLIB
999 _c2791
_d2791